Indonesian Brand Logos Quiz #3 - Statistics

General Stats
  • This quiz has been taken 327 times
  • The average score is 15 of 20
Answer Stats
Picture Answer % Correct
Sari Roti
95%
AQUA
94%
SariWangi
94%
KAI Commuter
93%
QRIS
92%
Sido Muncul
92%
Campina Ice Cream
91%
CFC
91%
Kopi Kapal Api
91%
Mie Gacoan
88%
Advan
86%
Dua Kelinci
79%
Gajah Duduk
73%
Smadav
61%
GPN
58%
Sinemart
54%
Maspion Group
45%
Maicih
37%
Purbasari
31%
Swallow Sandals
20%
No matching quizzes found
Score Distribution
Percent of People with Each Score
Percentile by Number Answered
Your Score History
You have not taken this quiz